[Event "MPN_2026"]
[Site "Pokrzywna"]
[Date "2026.01.19"]
[Round "6.5"]
[White "Siewert, Roman"]
[Black "Czerwonski, Aleksander"]
[Result "0-1"]
[WhiteElo "1870"]
[BlackElo "2281"]
[PlyCount "46"]
[EventDate "2026.01.19"]
[SourceDate "2026.01.19"]

1. e4 d6 2. d4 Nf6 3. Bd3 e5 4. c3 d5 5. dxe5 Nxe4 6. Bxe4 dxe4 7. Qxd8+ Kxd8
8. Bg5+ Be7 9. Bf4 Nd7 10. Nd2 Nc5 11. Ke2 b6 12. Rd1 Ba6+ 13. Ke3 Kc8 14. f3
Rd8 15. Nh3 Rd3+ 16. Kf2 exf3 17. gxf3 Kb7 18. Ng5 h6 19. Nge4 Rad8 20. Rhe1
Rxd2+ 21. Nxd2 Nd3+ 22. Kg3 Nxf4 23. Ne4 Nd3 0-1

[Event "MPN_2026"]
[Site "Pokrzywna"]
[Date "2026.01.19"]
[Round "6.4"]
[White "Pojedziniec, Wladyslaw"]
[Black "Lukasiewicz, Ignacy"]
[Result "1/2-1/2"]
[WhiteElo "1943"]
[BlackElo "1827"]
[PlyCount "28"]
[EventDate "2026.01.19"]
[SourceDate "2026.01.19"]

1. d4 Nf6 2. c4 e6 3. Nc3 Bb4 4. f3 c5 5. d5 Bxc3+ 6. bxc3 d6 7. e4 Qc7 8. Ne2
e5 9. Ng3 O-O 10. Bd3 Nbd7 11. Nf5 Re8 12. g4 Nf8 13. Nh4 Qd8 14. Ng2 a6
1/2-1/2

[Event "MPN_2026"]
[Site "Pokrzywna"]
[Date "2026.01.19"]
[Round "6.6"]
[White "Chojnowski, Marcin"]
[Black "Twarogiel, Tadeusz"]
[Result "1-0"]
[WhiteElo "2032"]
[BlackElo "1937"]
[PlyCount "87"]
[EventDate "2026.01.19"]
[SourceDate "2026.01.19"]

1. e4 d5 2. exd5 Nf6 3. Nf3 Nxd5 4. d4 c6 5. c4 Nf6 6. Nc3 Bg4 7. Be2 e6 8. O-O
Nbd7 9. Bf4 Nh5 10. Be3 Bd6 11. h3 Bxf3 12. Bxf3 Nhf6 13. d5 exd5 14. cxd5 c5
15. Nb5 Ne5 16. Be2 O-O 17. Qb3 b6 18. Rad1 Bb8 19. f4 Ned7 20. Bf3 Re8 21. d6
Ne4 22. Qd5 Nef6 23. Qxa8 Rxe3 24. Nxa7 Qe8 25. Nc6 Re6 26. Nxb8 Qxb8 27. Qxb8+
Nxb8 28. g4 h6 29. g5 hxg5 30. fxg5 Nfd7 31. Bd5 Re5 32. Bxf7+ Kh7 33. Rd5 Re3
34. Kg2 Ne5 35. g6+ Kh6 36. Rf5 Nbd7 37. Be8 Re2+ 38. Kf1 Re3 39. h4 Re4 40. h5
b5 41. Bxd7 Nxd7 42. Rf7 Ne5 43. d7 Nxf7 44. gxf7 1-0

[Event "MPN_2026"]
[Site "Pokrzywna"]
[Date "2026.01.19"]
[Round "6.3"]
[White "Jagielski, Szymon"]
[Black "Mannke, Manfred"]
[Result "1/2-1/2"]
[WhiteElo "1733"]
[BlackElo "2055"]
[PlyCount "135"]
[EventDate "2026.01.19"]
[SourceDate "2026.01.19"]

1. e3 d5 2. Nf3 c5 3. d4 e6 4. c4 Nf6 5. a3 Nc6 6. dxc5 Bxc5 7. b4 Bd6 8. Bb2
O-O 9. Nbd2 Qe7 10. Bd3 Rd8 11. O-O a6 12. Rc1 e5 13. cxd5 Nxd5 14. Qc2 h6 15.
h3 Be6 16. Ne4 Bxb4 17. Nxe5 Nxe5 18. Bxe5 Bxa3 19. Bb2 Bxb2 20. Qxb2 Nxe3 21.
fxe3 Rxd3 22. Qb6 Bd5 23. Nd6 Bc6 24. Nxb7 Qxb7 25. Qxc6 Qa7 26. Rxf7 Qxe3+ 27.
Kh2 Rad8 28. Rcf1 Qg3+ 29. Kh1 Rd2 30. Qf3 Qxf3 31. R1xf3 R8d6 32. Ra7 Rg6 33.
g4 Rb6 34. Kg1 Kh7 35. Rf2 Rxf2 36. Kxf2 Kg6 37. h4 Kf6 38. Kg3 Rb3+ 39. Kg2
Ra3 40. g5+ {=} Kg6 41. gxh6 Kxh6 42. Kh2 g6 43. Kg2 Kh5 44. Rh7+ Kg4 45. h5
Ra2+ 46. Kf1 gxh5 47. Rg7+ Kh3 48. Rh7 h4 49. Rb7 Kh2 50. Rb4 h3 51. Rb3 a5 52.
Rc3 a4 53. Rd3 Rb2 54. Ra3 Rb8 55. Rxa4 Rf8+ 56. Ke2 Kg2 57. Rg4+ Kh1 58. Rg3
h2 59. Rg4 Ra8 60. Kf2 Ra2+ 61. Ke1 Ra1+ 62. Kf2 Rg1 63. Re4 Ra1 64. Rg4 Ra8
65. Kf1 Ra2 66. Rg5 Ra8 67. Rg4 Rf8+ 68. Ke2 1/2-1/2

[Event "MPN_2026"]
[Site "Pokrzywna"]
[Date "2026.01.19"]
[Round "6.2"]
[White "Stachanczyk, Jacek"]
[Black "Madrawski, Krzysztof"]
[Result "1/2-1/2"]
[WhiteElo "2114"]
[BlackElo "2090"]
[PlyCount "84"]
[EventDate "2026.01.19"]
[SourceDate "2026.01.19"]

1. c4 c6 2. g3 d5 3. Nf3 Nf6 4. Bg2 dxc4 5. O-O Bf5 6. Na3 e6 7. Nxc4 Be7 8. d3
O-O 9. Bd2 h6 10. b4 Nbd7 11. Qb3 Bh7 12. a4 Nd5 13. Rfc1 c5 14. b5 f5 15. Ra2
Qe8 16. Re1 N7f6 17. Nfe5 Kh8 18. e4 fxe4 19. dxe4 Nb4 20. Rb2 a6 21. Na3 Bg8
22. h3 Nd7 23. Nac4 Nxe5 24. Nxe5 Bf6 25. Bc3 axb5 26. axb5 Bxe5 27. Bxe5 Qxb5
28. Qe3 Kh7 29. Bd6 Rfc8 30. e5 Ra7 31. Be4+ Kh8 32. Reb1 b6 33. Bxc5 bxc5 34.
Rxb4 cxb4 35. Qxa7 b3 36. Qa3 Qxe5 37. Bg2 Bh7 38. Rxb3 Qe1+ 39. Bf1 Be4 40.
Qa6 Rc2 41. Qa7 Bd5 42. Qe3 Rc1 1/2-1/2

[Event "MPN_2026"]
[Site "Pokrzywna"]
[Date "2026.01.19"]
[Round "6.1"]
[White "Jasnikowski, Zbigniew"]
[Black "Dukaczewski, Piotr"]
[Result "1-0"]
[WhiteElo "2201"]
[BlackElo "2176"]
[PlyCount "71"]
[EventDate "2026.01.19"]
[SourceDate "2026.01.19"]

1. d4 f5 2. c4 Nf6 3. Nc3 g6 4. Nf3 Bg7 5. g3 O-O 6. Bg2 d6 7. O-O c6 8. Bg5 h6
9. Bxf6 Bxf6 10. e4 fxe4 11. Nxe4 Bg7 12. Re1 Na6 13. Re3 Rb8 14. Qd2 b5 15.
cxb5 Rxb5 16. Rae1 Qb6 17. b3 Bg4 18. Nc3 Rbf5 19. Na4 Qb4 20. Qd3 Qb5 21. Qe4
Bxf3 22. Rxf3 Rxf3 23. Bxf3 Qb4 24. Rd1 Nc7 25. Kg2 Kh7 26. Qxe7 Nb5 27. Bxc6
Nxd4 28. Be4 Rf6 29. Nb2 Qa3 30. Nc4 Qxa2 31. Rd2 Qa1 32. Nxd6 Re6 33. Qd7 Rxe4
34. Nxe4 Nxb3 35. Rd6 a5 36. Qe6 1-0

[Event "MPN_2026"]
[Site "Pokrzywna"]
[Date "2026.01.20"]
[Round "7.5"]
[White "Mannke, Manfred"]
[Black "Chojnowski, Marcin"]
[Result "0-1"]
[WhiteElo "2055"]
[BlackElo "2032"]
[PlyCount "32"]
[EventDate "2026.01.20"]
[SourceDate "2026.01.20"]

1. d4 d5 2. c4 e6 3. Nc3 Nf6 4. Bg5 Be7 5. e3 O-O 6. Nf3 b6 7. Qc2 Bb7 8. Bxf6
Bxf6 9. cxd5 exd5 10. Bd3 g6 11. O-O-O Ba6 12. Nxd5 Qxd5 13. Be4 Qxa2 14. Bxa8
c5 15. dxc5 Rc8 16. Bd5 Qa1+ 0-1

[Event "MPN_2026"]
[Site "Pokrzywna"]
[Date "2026.01.20"]
[Round "7.4"]
[White "Madrawski, Krzysztof"]
[Black "Krogulski, Maksymilian"]
[Result "1-0"]
[WhiteElo "2090"]
[BlackElo "1851"]
[PlyCount "57"]
[EventDate "2026.01.20"]
[SourceDate "2026.01.20"]

1. Nf3 d5 2. c4 c6 3. b3 Bf5 4. Bb2 dxc4 5. bxc4 e6 6. g3 Nd7 7. Bg2 h6 8. O-O
Ngf6 9. Nc3 Qb6 10. Qc1 Be7 11. d3 O-O 12. Rb1 Qa5 13. Qd2 Rfd8 14. Nd5 Qc5 15.
Bd4 Qd6 16. Nxe7+ Qxe7 17. Rxb7 Bh7 18. Qa5 c5 19. Bc3 Qe8 20. Ne5 a6 21. Bc6
Rac8 22. Ba4 Rb8 23. Rfb1 Rxb7 24. Rxb7 Rb8 25. Nxd7 Nxd7 26. Bxd7 Rxb7 27.
Bxe8 Re7 28. Qd8 Rxe8 29. Qxe8# 1-0

[Event "MPN_2026"]
[Site "Pokrzywna"]
[Date "2026.01.20"]
[Round "7.2"]
[White "Czerwonski, Aleksander"]
[Black "Lukasiewicz, Ignacy"]
[Result "1-0"]
[WhiteElo "2281"]
[BlackElo "1827"]
[PlyCount "63"]
[EventDate "2026.01.20"]
[SourceDate "2026.01.20"]

1. d4 d5 2. c4 c6 3. cxd5 cxd5 4. Nc3 Nf6 5. Bf4 Nc6 6. e3 a6 7. Bd3 Bg4 8. f3
Bh5 9. Qb3 Ra7 10. Nge2 e6 11. Rc1 Bd6 12. Na4 Qa5+ 13. Kf2 Bxf4 14. Nxf4 Bg6
15. Bxg6 hxg6 16. Rxc6 Qd2+ 17. Ne2 O-O 18. Rc3 b5 19. Nc5 a5 20. Rd1 a4 21.
Rxd2 axb3 22. a3 b4 23. axb4 Rb8 24. Rxb3 Nd7 25. Nxd7 Rxd7 26. Nc3 Rc7 27. Ke2
Kf8 28. Rd1 Ke7 29. Ra1 Kf6 30. b5 g5 31. Ra6 Kf5 32. h3 1-0

[Event "MPN_2026"]
[Site "Pokrzywna"]
[Date "2026.01.20"]
[Round "7.1"]
[White "Stachanczyk, Jacek"]
[Black "Jasnikowski, Zbigniew"]
[Result "1/2-1/2"]
[WhiteElo "2114"]
[BlackElo "2201"]
[PlyCount "37"]
[EventDate "2026.01.20"]
[SourceDate "2026.01.20"]

1. c4 Nf6 2. g3 c6 3. Nf3 g6 4. Bg2 Bg7 5. Nc3 d5 6. cxd5 cxd5 7. d4 O-O 8. O-O
Ne4 9. Nxe4 dxe4 10. Ne5 Qd5 11. b3 Nd7 12. Bb2 f5 13. Rc1 Nxe5 14. dxe5 Be6
15. Qxd5 Bxd5 16. f4 Rfc8 17. Rxc8+ Rxc8 18. Rc1 Rxc1+ 19. Bxc1 1/2-1/2

[Event "MPN_2026"]
[Site "Pokrzywna"]
[Date "2026.01.20"]
[Round "7.3"]
[White "Dukaczewski, Piotr"]
[Black "Jagielski, Szymon"]
[Result "1-0"]
[WhiteElo "2176"]
[BlackElo "1733"]
[PlyCount "103"]
[EventDate "2026.01.20"]
[SourceDate "2026.01.20"]

1. c4 c6 2. g3 d5 3. Bg2 Nf6 4. Nf3 dxc4 5. Qc2 g6 6. Qxc4 Bg7 7. O-O O-O 8. d4
Na6 9. Nc3 Be6 10. Qa4 Bd5 11. Nxd5 cxd5 12. Qb3 Qb6 13. Qxb6 axb6 14. Bf4 Rfc8
15. Rfc1 Nd7 16. a3 e6 17. g4 b5 18. e3 b4 19. axb4 Nxb4 20. Rxa8 Rxa8 21. Rc7
Nf6 22. Rxb7 Nd3 23. h3 Nxf4 24. exf4 Ne4 25. Bf1 Ra4 26. Rb8+ Bf8 27. Kg2 Kg7
28. Rb7 Rb4 29. Rxb4 Bxb4 30. Ne5 Bd6 31. Ba6 Nd2 32. f5 gxf5 33. gxf5 Nb3 34.
Nc6 Kf6 35. fxe6 fxe6 36. Kf3 Bc7 37. Ke3 Bb6 38. Kd3 Bxd4 39. Nxd4 Nc5+ 40.
Kc3 Nxa6 41. b4 Nxb4 42. Kxb4 e5 43. Ne2 Kf5 44. Kc3 Ke4 45. Ng1 Kf4 46. Kd3
e4+ 47. Kd4 h6 48. h4 h5 49. Kxd5 e3 50. fxe3+ Kxe3 51. Ke5 Kf2 52. Kf4 1-0

[Event "MPN_2026"]
[Site "Pokrzywna"]
[Date "2026.01.21"]
[Round "8.5"]
[White "Krogulski, Maksymilian"]
[Black "Mannke, Manfred"]
[Result "1-0"]
[WhiteElo "1851"]
[BlackElo "2055"]
[PlyCount "55"]
[EventDate "2026.01.21"]
[SourceDate "2026.01.21"]

1. e4 c5 2. Nf3 e6 3. d4 cxd4 4. Nxd4 Nf6 5. Nc3 d6 6. Be2 Be7 7. Be3 O-O 8.
Qd2 a6 9. g4 b5 10. a3 Bb7 11. f3 Nfd7 12. g5 Nb6 13. h4 N8d7 14. O-O-O Ne5 15.
Rdg1 Nbc4 16. Bxc4 Nxc4 17. Qe2 Qc7 18. h5 Rac8 19. g6 Bf6 20. h6 hxg6 21. hxg7
Bxg7 22. Qh2 Rfe8 23. Qh7+ Kf8 24. Bh6 Bxh6+ 25. Rxh6 Nxb2 26. Rgxg6 fxg6 27.
Qh8+ Ke7 28. Rh7+ 1-0

[Event "MPN_2026"]
[Site "Pokrzywna"]
[Date "2026.01.21"]
[Round "8.4"]
[White "Sejfert, Henryk"]
[Black "Uzialko, Marek"]
[Result "1-0"]
[WhiteElo "2061"]
[BlackElo "1888"]
[PlyCount "63"]
[EventDate "2026.01.21"]
[SourceDate "2026.01.21"]

1. e4 e5 2. Nf3 Nc6 3. Nc3 Nf6 4. Bb5 Bc5 5. O-O d6 6. d4 exd4 7. Nxd4 Bd7 8.
Nf5 O-O 9. Bg5 Ne5 10. Bxd7 Nexd7 11. Qf3 Qe8 12. Nd5 Nxd5 {=} 13. exd5 f6 14.
Bh6 Rf7 15. Bf4 Kh8 16. Rae1 Ne5 17. Qe4 Qb5 18. b3 Re8 19. Be3 g6 20. Nd4 Qd7
21. Ne6 Bxe3 22. Rxe3 Kg8 23. h3 Rfe7 24. f4 c6 25. c4 Nf7 26. Qd4 Nd8 27. f5
Nxe6 28. fxe6 Qc7 29. Rxf6 cxd5 30. cxd5 b6 31. Rc3 Qb8 32. Rcf3 1-0

[Event "MPN_2026"]
[Site "Pokrzywna"]
[Date "2026.01.21"]
[Round "8.3"]
[White "Madrawski, Krzysztof"]
[Black "Dukaczewski, Piotr"]
[Result "1-0"]
[WhiteElo "2090"]
[BlackElo "2176"]
[PlyCount "85"]
[EventDate "2026.01.21"]
[SourceDate "2026.01.21"]

1. Nf3 d5 2. c4 d4 3. b4 g5 4. Bb2 {=} Bg7 5. h3 h6 6. e4 e5 7. d3 Ne7 8. Nbd2
Ng6 9. g3 Be6 10. h4 g4 11. Nh2 h5 12. f3 Nxh4 13. fxg4 Qg5 14. gxh4 Qxh4+ 15.
Ke2 Bxg4+ 16. Nxg4 Qxh1 17. Nf2 Qh2 18. Nf3 Qg3 19. Qa4+ c6 20. Bh3 Bh6 21. Rg1
Qf4 22. Bc1 Qf6 23. Qa5 Bxc1 24. Rxc1 Na6 25. Rb1 Rg8 26. Qxe5+ Qxe5 27. Nxe5
Ke7 28. b5 cxb5 29. Rxb5 b6 30. Nc6+ Kf6 31. Rxh5 Rg5 32. Ng4+ Kg6 33. Rh6+ Kg7
34. Nxd4 Re8 35. Kd2 Nb4 36. Nf5+ Rxf5 37. exf5 Nxa2 38. f6+ Kg8 39. Bg2 Nb4
40. Rh5 Rd8 41. Be4 Na6 42. Nh6+ Kf8 43. Nf5 1-0

[Event "MPN_2026"]
[Site "Pokrzywna"]
[Date "2026.01.21"]
[Round "8.2"]
[White "Jasnikowski, Zbigniew"]
[Black "Chojnowski, Marcin"]
[Result "1-0"]
[WhiteElo "2201"]
[BlackElo "2032"]
[PlyCount "89"]
[EventDate "2026.01.21"]
[SourceDate "2026.01.21"]

1. d4 Nf6 2. Nf3 e6 3. c4 Bb4+ 4. Nbd2 b6 5. g3 Bb7 6. Bg2 O-O 7. O-O Bxd2 8.
Bxd2 d6 9. c5 dxc5 10. dxc5 Na6 11. b4 bxc5 12. bxc5 Qe7 13. Rc1 Bd5 14. Qa4
Nb8 15. Bg5 h6 16. Bxf6 Qxf6 17. c6 Bxc6 18. Rxc6 Nxc6 19. Qxc6 Qb2 20. a4 Rab8
21. e3 Rb6 22. Qxc7 Rb7 23. Qe5 Qa2 24. Nd4 Rb1 25. Qa5 Rc8 26. Qxa7 Rxf1+ 27.
Bxf1 Rc1 28. Qa8+ Kh7 29. Kg2 Qb1 30. Qa6 Qe4+ 31. Nf3 Rc3 32. h4 f5 33. h5 Qd5
34. Qb5 Rc5 35. Qd3 Qc6 36. Qa3 e5 37. a5 Rc3 38. Qb4 Rc1 39. Qb6 Qe4 40. Qg6+
Kh8 41. Qe8+ Kh7 42. Qxe5 Qb1 43. Qb5 Qxb5 44. Bxb5 Rc5 45. Nd4 1-0

[Event "MPN_2026"]
[Site "Pokrzywna"]
[Date "2026.01.21"]
[Round "8.1"]
[White "Czerwonski, Aleksander"]
[Black "Stachanczyk, Jacek"]
[Result "1-0"]
[WhiteElo "2281"]
[BlackElo "2114"]
[PlyCount "125"]
[EventDate "2026.01.21"]
[SourceDate "2026.01.21"]

1. d4 Nf6 2. c4 g6 3. Nc3 d5 4. cxd5 Nxd5 5. e4 Nxc3 6. bxc3 Bg7 7. Nf3 c5 8.
Rb1 O-O 9. Be2 cxd4 10. cxd4 Qa5+ 11. Bd2 Qxa2 12. O-O Bg4 13. Rxb7 Bxf3 14.
Bxf3 Bxd4 15. e5 Na6 16. Rxe7 Rad8 17. Qc1 Nc5 18. Be3 Nb3 19. Qc4 Qa3 20. Rxf7
Rxf7 21. Bd5 Rxd5 22. Qxd5 Qc5 23. Qxb3 Qxe5 24. Bh6 Qe8 25. h4 Bg7 26. Be3 a5
27. Rd1 a4 28. Qb6 Rd7 29. Rc1 h5 30. Qa6 Rd8 31. Rc6 Kh7 32. Qxa4 Rd6 {=} 33.
Rc4 Qxa4 34. Rxa4 Bf6 35. g3 Rd7 36. Kg2 Kg7 37. Kf3 Bb2 38. Ke4 Bc3 39. Rc4
Bb2 40. Rc8 Bf6 41. Bc5 Be7 42. Be3 Bf6 43. Bf4 Bb2 44. Rc6 Bf6 45. Bd6 Bb2 46.
f4 Rb7 47. Be5+ Bxe5 48. fxe5 Rb3 49. Rc7+ Kf8 50. Kf4 Ra3 51. Rd7 Rb3 52. e6
Rb5 53. Rf7+ Kg8 54. Ke4 g5 55. Rf5 Rb4+ 56. Ke5 gxh4 57. gxh4 Rb1 58. Rf4 Re1+
59. Kd6 Rd1+ 60. Ke7 Ra1 61. Rf5 Ra7+ 62. Kf6 Ra1 63. Rxh5 1-0

[Event "MPN_2026"]
[Site "Pokrzywna"]
[Date "2026.01.21"]
[Round "8.6"]
[White "Malecki, Eugeniusz"]
[Black "Kulpinski, Piotr"]
[Result "0-1"]
[WhiteElo "1974"]
[BlackElo "1830"]
[PlyCount "62"]
[EventDate "2026.01.21"]
[SourceDate "2026.01.21"]

1. e4 c5 2. f4 d5 3. e5 Nc6 4. d3 h5 5. c3 Bf5 6. Nf3 e6 7. Be2 Be7 8. O-O Nh6
9. Na3 Qb6 10. Kh1 Rd8 11. Nc2 Ng4 12. h3 c4 13. d4 Be4 14. Ng5 Nh6 15. Nxe4
dxe4 16. Bxc4 Nf5 17. Kh2 Bh4 18. b4 Nce7 19. Bd2 Bg3+ 20. Kh1 Qc6 21. Be2 Nd5
22. c4 Nde7 23. Bc3 Ng6 24. Qc1 Bxf4 25. Rxf4 Ng3+ 26. Kh2 Nxe2 27. Qe3 Ngxf4
28. c5 Nxc3 29. Qxf4 Qb5 30. Rf1 O-O 31. Qg5 Qxf1 0-1

[Event "MPN_2026"]
[Site "Pokrzywna"]
[Date "2026.01.22"]
[Round "9.4"]
[White "Stachanczyk, Jacek"]
[Black "Krogulski, Maksymilian"]
[Result "1/2-1/2"]
[WhiteElo "2114"]
[BlackElo "1851"]
[PlyCount "35"]
[EventDate "2026.01.22"]
[SourceDate "2026.01.22"]

1. c4 c6 2. g3 d5 3. Nf3 Nf6 4. Bg2 dxc4 5. O-O Nbd7 {=} 6. a4 a5 7. Na3 Nb6 8.
Qc2 Be6 9. Ng5 Qd7 10. e4 Qd3 11. Nxe6 fxe6 12. Qxd3 cxd3 {=} 13. b3 Nfd7 14.
Bb2 e5 15. Rac1 e6 16. Rc3 Bb4 17. Rxd3 Nc5 18. Rf3 1/2-1/2

[Event "MPN_2026"]
[Site "Pokrzywna"]
[Date "2026.01.22"]
[Round "9.3"]
[White "Dukaczewski, Piotr"]
[Black "Michalska, Lena"]
[Result "1-0"]
[WhiteElo "2176"]
[BlackElo "1903"]
[PlyCount "67"]
[EventDate "2026.01.22"]
[SourceDate "2026.01.22"]

1. c4 c5 2. Nc3 Nc6 3. g3 g6 4. Bg2 Bg7 5. Nf3 d6 6. O-O e5 7. d3 Nge7 8. Ne1
O-O 9. Nc2 f5 10. a3 Be6 11. Nd5 Qd7 12. Rb1 Rab8 13. b4 b5 14. Bg5 a6 15. Qd2
cxb4 16. axb4 Bxd5 17. cxd5 Nd4 18. Na1 f4 19. e3 f3 20. exd4 fxg2 21. Kxg2
Nxd5 22. dxe5 Bxe5 23. d4 Bg7 24. Nb3 Qf5 25. Kg1 Rbc8 26. Rbc1 Rc4 27. Bh6
Bxh6 28. Qxh6 Nxb4 29. Rce1 Nd5 30. f3 Qd3 31. Qg5 Nb4 32. Re7 Qf5 33. Qh6 Qf6
34. Qxh7# 1-0

[Event "MPN_2026"]
[Site "Pokrzywna"]
[Date "2026.01.22"]
[Round "9.6"]
[White "Salamon, Julia"]
[Black "Kawula, Andrzej"]
[Result "1-0"]
[WhiteElo "1995"]
[BlackElo "1891"]
[PlyCount "85"]
[EventDate "2026.01.22"]
[SourceDate "2026.01.22"]

1. d4 d5 2. c4 e6 3. Nf3 f5 4. g3 Nf6 5. Bg2 Be7 6. O-O O-O 7. b3 c6 8. Qc2 Bd7
9. Bb2 Ne4 10. Ne5 Be8 11. Nd3 Nd7 12. Nc3 Bd6 13. c5 Bc7 14. e3 Qe7 15. Ne2 g5
16. Rac1 Bg6 17. f3 Nef6 18. Ne5 Nxe5 19. dxe5 Nd7 20. f4 h6 21. Nd4 g4 22. Rf2
Rfc8 23. Bf1 Bd8 24. Qc3 Qf7 25. Qe1 Be7 26. b4 h5 27. Rfc2 Kg7 28. b5 cxb5 29.
c6 bxc6 30. Rxc6 Nb6 31. Nxe6+ Kg8 32. Nc7 Nc4 33. e6 Qf8 34. Bxc4 dxc4 35. Qc3
Kh7 36. Qe5 a6 37. Rd1 Ra7 38. Rd7 Kh6 39. Bd4 Rb7 40. Nd5 Rxd7 41. exd7 Rxc6
42. Nxe7 Rd6 43. Qxd6 1-0

[Event "MPN_2026"]
[Site "Pokrzywna"]
[Date "2026.01.22"]
[Round "9.5"]
[White "Chojnowski, Marcin"]
[Black "Seifert, Henryk"]
[Result "1-0"]
[WhiteElo "2032"]
[BlackElo "2061"]
[PlyCount "49"]
[EventDate "2026.01.22"]
[SourceDate "2026.01.22"]

1. e4 e6 2. d4 d5 3. Nc3 Nf6 4. Bg5 Be7 5. e5 Nfd7 6. h4 a6 7. Qg4 Bxg5 8. hxg5
c5 9. Nf3 Nc6 10. dxc5 Ndxe5 11. Nxe5 Nxe5 12. Qg3 Qc7 13. O-O-O Bd7 14. Re1 f6
15. gxf6 gxf6 16. f4 Ng6 17. Nxd5 Qxc5 18. Nxf6+ Ke7 19. Nxd7 Kxd7 20. Bd3 Qb4
21. Re4 Qa5 22. f5 exf5 23. Rd4+ Kc8 24. Qd6 b5 25. Bxf5+ 1-0

[Event "MPN_2026"]
[Site "Pokrzywna"]
[Date "2026.01.22"]
[Round "9.1"]
[White "Madrawski, Krzysztof"]
[Black "Czerwonski, Aleksander"]
[Result "1-0"]
[WhiteElo "2090"]
[BlackElo "2281"]
[PlyCount "161"]
[EventDate "2026.01.22"]
[SourceDate "2026.01.22"]

1. d4 Nf6 2. c4 g6 3. Nc3 d5 4. Nf3 {=} Bg7 5. Bf4 O-O 6. e3 c5 7. dxc5 Qa5 8.
Qa4 {=} Qxa4 9. Nxa4 Nc6 10. Nc3 Ne4 11. Rc1 Nxc3 12. bxc3 dxc4 13. Bxc4 {=}
Na5 14. Bd5 Rd8 15. c4 e6 16. Be4 Rd7 17. Bd6 f5 18. Bc2 Bb2 19. Rb1 Nxc4 20.
Bb3 Bc3+ 21. Ke2 Nxd6 22. Bxe6+ Rf7 23. Bxf7+ Nxf7 24. Rhc1 Bf6 25. Nd4 {=} b6
26. cxb6 Ba6+ 27. Kd2 axb6 28. Rxb6 Bd8 29. Rb2 Ne5 30. Rbc2 Ba5+ 31. Kd1 Nd3
32. Rb1 Kf7 33. Nc6 Bc7 34. g3 Ne5 35. Nb4 Rd8+ 36. Kc1 Bd6 37. Rd2 Bb5 38. Nc2
Ba4 39. Rb7+ Kg8 40. Rd4 Bxc2 41. Kxc2 Rc8+ 42. Kb3 Nc6 43. Rd5 Bf8 44. a4 Ra8
45. Rbb5 Be7 46. Rd7 Kf7 47. Rb6 Na5+ 48. Kc2 h5 49. Kd3 Rc8 50. Ke2 Nc6 51. f4
Ke6 52. Rd2 Bc5 53. Rb5 Bd6 54. a5 Ne7 55. a6 Ra8 56. Ra2 Nd5 57. Rb3 Ra7 58.
Kf3 Nc7 59. Rb6 Kd7 60. Rd2 Ne8 61. Rb7+ Rxb7 62. axb7 Kc7 63. Rb2 Kb8 64. Rb6
Bc7 65. Rxg6 Kxb7 66. Rg5 Nd6 67. Rxh5 Kc6 68. Rh6 Ba5 69. h3 Kd7 70. g4 Ke7
71. Rh7+ Kf6 72. g5+ Ke6 73. h4 Bc3 74. h5 Ne4 75. h6 Nd2+ 76. Ke2 Ne4 77. Rc7
Bb2 78. Rb7 Ba1 79. h7 Nc3+ 80. Kd3 Nd5 81. Rb8 1-0